Responsabilidad civil y entidades aseguradoras El derecho de repeticin̤ en el seguro del automv̤il /

Detalles Bibliográficos
Autor principal: Fernǹdez Gallego, M® Mercedes
Formato: eBook
Lenguaje:español
Publicado: Barcelona: J.M. Bosch Editor, 2016
Materias:
Acceso en línea:Acceso restringido

MARC

LEADER 00000nam a22000007a 4500
005 20190411020255.0
007 cr|||| ||||
008 190411s2016 es |||||s|||| 00||0 spa d
020 |a 978-84-944836-8-4 
035 |a 23132 
040 |a vLex 
090 |c 8592  |d 8592 
100 1 |a Fernǹdez Gallego, M® Mercedes 
245 1 0 |a Responsabilidad civil y entidades aseguradoras  |h [Recurso electrn̤ico] :  |b El derecho de repeticin̤ en el seguro del automv̤il /  |c M® Mercedes Fernǹdez Gallego 
256 |a Servicio en ln̕ea 
260 |a Barcelona:  |b J.M. Bosch Editor,  |c 2016 
300 |a 1 recurso electrn̤ico 
506 1 |a Disponible solo en los productos indicados  |d vLex Global  |d vLex Global (Academic Edition, excluding Law Schools)  |d vLex Global (U.S. Academic Edition, Law Schools)  |d vLex Global (U.S. Academic Edition, excluding Law Schools)  |d vLex Global (Academic Edition, Law Schools) 
650 0 4 |a Derecho Civil  |z Espaą 
740 0 |a vLex Libros (Servicio en ln̕ea) 
856 4 0 |u http://vlex.com/source/responsabilidad-civil-entidades-aseguradoras-derecho-repeticion-seguro-automovil-23132  |z Acceso restringido 
942 |c BOOK 
999 0 |a Civil Law